Balance de los acuerdos de la Habana / (Registro nro. 3822)

Detalles MARC
000 -LEADER
fixed length control field 01225nam a2200241Ia 4500
003 - CONTROL NUMBER IDENTIFIER
control field OSt
005 - DATE AND TIME OF LATEST TRANSACTION
control field 20200819215939.0
008 - FIXED-LENGTH DATA ELEMENTS--GENERAL INFORMATION
fixed length control field 191128s2015 ck fr 000 0 spa d
040 ## - CATALOGING SOURCE
Original cataloging agency CO-JMCR
Transcribing agency CO-JMCR
041 0# - LANGUAGE CODE
Language code of text/sound track or separate title spa
082 04 - DEWEY DECIMAL CLASSIFICATION NUMBER
Classification number 346.86 /
Item number A473b
Edition number 23
100 1# - MAIN ENTRY--PERSONAL NAME
Personal name Álvarez Vargas, Víctor,
Relator term autor
9 (RLIN) 9013
245 10 - TITLE STATEMENT
Title Balance de los acuerdos de la Habana /
Statement of responsibility, etc. Víctor Álvarez Vargas y Ricardo Rubianogroot Roman
260 ## - PUBLICATION, DISTRIBUTION, ETC.
Place of publication, distribution, etc. [Bogotá :
Name of publisher, distributor, etc. Grupo de Pensamiento Estratégico,
Date of publication, distribution, etc. 2015?]
300 ## - PHYSICAL DESCRIPTION
Extent 40 páginas ;
Dimensions 22 cm.
505 0# - FORMATTED CONTENTS NOTE
Formatted contents note Política de desarrollo agrario integral -- Participación política -- Fin del conflicto -- Solución al problema de las drogas ilícitas -- Víctimas -- Implementación, verificación y refrendación
520 3# - SUMMARY, ETC.
Summary, etc. El estudio sobre el acuerdo final entre el Gobierno y las Farc elaborado por los señores MG. EJC (RA). Víctor Alvarez Vargas y el MG. (RA) FAC Ricardo Rubianogroot Román, es un juicioso análisis de cómo se desarrolló la negociación de los puntos.
650 14 - SUBJECT ADDED ENTRY--TOPICAL TERM
Topical term or geographic name entry element Diálogos de paz
9 (RLIN) 9014
650 14 - SUBJECT ADDED ENTRY--TOPICAL TERM
Topical term or geographic name entry element Proceso de paz
Geographic subdivision Colombia
9 (RLIN) 8036
650 14 - SUBJECT ADDED ENTRY--TOPICAL TERM
Topical term or geographic name entry element Acuerdos de paz
Geographic subdivision Colombia
9 (RLIN) 8532
700 1# - ADDED ENTRY--PERSONAL NAME
Personal name Rubianogroot Roman, Ricardo,
Relator term autor
9 (RLIN) 9015
942 ## - ADDED ENTRY ELEMENTS (KOHA)
Source of classification or shelving scheme Dewey Decimal Classification
Koha item type Books
Existencias
Withdrawn status Lost status Source of classification or shelving scheme Damaged status Not for loan Collection code Home library Current library Date acquired Source of acquisition Full call number Barcode Date last seen Copy number Koha item type
    Dewey Decimal Classification     Non-fiction Biblioteca Pública José María del Castillo y Rada Biblioteca Pública José María del Castillo y Rada 12/01/2018 Donación 346.86 / A473b 201808315 05/16/2024 Ej.1 Books